| 000 | 00406nam a22001337a 4500 | ||
|---|---|---|---|
| 082 | _aP-747 | ||
| 100 |
_aSyed Mustafa Jarri _951227 |
||
| 245 |
_aComparison of Performance of A RC Building Structure Using Various Analysis Methods _cSyed Mustafa Jarri |
||
| 260 |
_aRisalpur, _bMCE, _c2017. |
||
| 300 |
_a103p. _bNil |
||
| 526 |
_a0 _b0 _c0 _dP_747 |
||
| 700 |
_aMaj Muhammad Rizwan _951228 |
||
| 942 |
_2ddc _cBK |
||
| 999 |
_c553969 _d553969 |
||